000 01628nam a2200421 a 4500
003 BLK
005 20240322125401.0
008 180408b bul|||||r ||||||| ||bul||
010 _aKNG00083482000
020 _a978-954-09-0052-0
040 _aBLK
041 _aBUL
_cBUL
080 _aРежисьори, театрални
_b792.071.1
_x(497.2)(092)
_z792.071.1(497.2)(092)
080 _b929 Камбарев, Стоян
_z929 Камбарев, Стоян
100 1 _aДимитрова, Кремена
_9366440
245 1 0 _aТеатърът на Стоян Камбарев - режисура на пространството
_cКремена Димитрова.
257 _aBGR
260 _bЗахарий Стоянов
_c2007
_fСофия : СУ Св. Климент Охридски
_aСофия
300 _a134 с., 12 л.
_bсн.
_c20 см
380 _a7
500 _aОфс. изд.
600 0 _aКамбарев, Стоян
_d1953 - 1998
_gТеатрален режисьор
_9366478
650 4 _aРежисьори, български
_9262647
650 4 _aРежисура, театрална
_9255083
651 4 _aБългария
_9241624
653 _aтеатър
653 _aрежисьори
653 _aСтоян Камбарев
653 _aбиографии
852 _aЦб 239847
_bЦб
852 _aК 792/К 22
856 4 _qpdf
856 4 _qpdf
942 _cKNG
_n0
_s1
944 _aCR
_c23.04.2008
_k30535
_lХристина Везирева
944 _aED
_c14.07.2023
_kир
999 _c79014
_d79014